[Event "O pohar mesta Ricany 2016"]
[Site "Kulturni centrum Labut, 17. Listopadu 214 25101 Ricany"]
[Date "2016.08.28"]
[Round "2.19"]
[White "Cerny, Martin"]
[Black "Chromovsky, Hynek"]
[Result "1-0"]
[WhiteElo "2130"]
[BlackElo "1724"]
[PlyCount "0"]
[EventDate "2016.08.27"]

1. d4 Nf6 2. Nf3 e6 3. c4 c5 4. e3 b6 5. Nc3 Bb7 6. Bd3 Be7 7. O-O d5 8. cxd5
Nxd5 9. Bb5+ Bc6 10. Bxc6+ Nxc6 11. Qa4 Qd7 12. dxc5 Nxc3 13. bxc3 Bxc5 14. Rd1
Qb7 15. Ne5 b5 16. Qe4 Na5 17. Qg4 O-O 18. e4 Rfd8 19. Bg5 Be7 20. h4 Rxd1+
21. Rxd1 Bxg5 22. Rd7 Qb8 23. Qxg5 h6 24. Qg3 Nc4 25. Nxc4 bxc4 26. Qxb8+ Rxb8
27. Rxa7 Rb1+ 28. Kh2 Rc1 29. Ra3 Kh7 30. h5 g6 31. g4 Rc2 32. Kg3 gxh5 33. gxh5
Rd2 34. f3 Rd3 35. Kg4 Kg7 36. f4 Rd2 37. Ra4 Rg2+ 38. Kf3 Rh2 39. Rxc4 Rxa2
40. Kg3 Rc2 41. Rc7 Rc1 42. c4 Rg1+ 43. Kf3 Rh1 44. Rc5 Rh3+ 45. Ke2 Kf6 46. Ra5
Rh4 47. Ke3 Rh3+ 48. Kd4 Rh4 49. c5 Rxh5 50. e5+ Ke7 51. Ra7+ Ke8 52. c6 Rh1
53. Ra8+ Ke7 54. c7 1-0

[Event "O pohar mesta Ricany 2016"]
[Site "Kulturni centrum Labut, 17. Listopadu 214 25101 Ricany"]
[Date "2016.08.28"]
[Round "2.20"]
[White "Kucera, Josef"]
[Black "Blumel, Otto"]
[Result "0-1"]
[WhiteElo "1716"]
[BlackElo "2061"]
[PlyCount "0"]
[EventDate "2016.08.27"]

1. Nf3 Nc6 2. g3 e5 3. d3 d5 4. Bg2 Nf6 5. Nbd2 Bc5 6. O-O Bg4 7. h3 Be6 8. c3
e4 9. Ng5 e3 10. Nxe6 exf2+ 11. Kh2 fxe6 12. d4 Bd6 13. e4 dxe4 14. Nxe4 Nxe4
15. Bxe4 Qh4 16. Qf3 Bxg3+ 17. Kg2 Nd8 18. Bxb7 Nxb7 19. Qxb7 O-O 20. Qc6 Bd6
21. Qf3 Rxf3 22. Kxf3 Rf8+ 23. Ke2 Qe4+ 0-1

[Event "O pohar mesta Ricany 2016"]
[Site "Kulturni centrum Labut, 17. Listopadu 214 25101 Ricany"]
[Date "2016.08.28"]
[Round "2.21"]
[White "Vilimova, Julie"]
[Black "Vavrinec, Tomas"]
[Result "0-1"]
[WhiteElo "1709"]
[BlackElo "1920"]
[PlyCount "0"]
[EventDate "2016.08.27"]

1. d4 e6 2. c4 d5 3. Nc3 c5 4. cxd5 exd5 5. Nf3 Nf6 6. Bg5 Be6 7. e4 dxe4
8. Bxf6 Qxf6 9. Nxe4 Qf4 10. Nxc5 Bxc5 11. dxc5 Nc6 12. Qd2 Qe4+ 13. Be2 Rd8
14. Qc3 O-O 15. a3 Rfe8 16. Rc1 Bh3 17. Rc2 Bxg2 18. Rg1 Qxf3 0-1

[Event "O pohar mesta Ricany 2016"]
[Site "Kulturni centrum Labut, 17. Listopadu 214 25101 Ricany"]
[Date "2016.08.28"]
[Round "2.22"]
[White "Vorackova, Jarmila"]
[Black "Benes, Karel"]
[Result "1-0"]
[WhiteElo "1878"]
[BlackElo "1713"]
[PlyCount "0"]
[EventDate "2016.08.27"]

1. d4 d5 2. c4 Nf6 3. Nc3 e6 4. Bg5 Be7 5. Nf3 Nbd7 6. e3 O-O 7. cxd5 Nxd5
8. Bxe7 Nxe7 9. Bd3 f5 10. O-O c6 11. Qb3 Nd5 12. Nxd5 exd5 13. Qc2 Qf6 14. b4
b6 15. a4 Bb7 16. a5 g6 17. a6 Bc8 18. Rfc1 b5 19. Qxc6 Qxc6 20. Rxc6 Nb6
21. Bxb5 Rb8 22. Rc5 Rd8 23. Ne5 Rd6 24. Nc6 Ra8 25. Ne7+ Kf7 26. Rc7 Ke6
27. Nxc8 Nxc8 28. Bc6 Rb8 29. b5 Ne7 30. Rxa7 Nxc6 31. bxc6 Rxc6 32. Rxh7 Rxa6
33. Rc1 Rba8 34. g3 Ra1 35. Rxa1 Rxa1+ 36. Kg2 Ra2 37. h4 Kf6 38. Rd7 Ke6
39. Rb7 Ra6 40. Kf3 Kf6 41. Kf4 Re6 42. f3 Rd6 43. Rb8 Ra6 44. Rd8 Ra5 45. Rd6+
Kf7 46. Kg5 Ra3 47. Rxg6 Rxe3 48. Rf6+ Ke7 49. Rxf5 Ke6 50. h5 1-0

[Event "O pohar mesta Ricany 2016"]
[Site "Kulturni centrum Labut, 17. Listopadu 214 25101 Ricany"]
[Date "2016.08.28"]
[Round "2.23"]
[White "Pivonka, Michael"]
[Black "Lhotsky, Zdenek"]
[Result "1-0"]
[WhiteElo "1692"]
[BlackElo "1853"]
[PlyCount "0"]
[EventDate "2016.08.27"]

1. d4 Nf6 2. c4 e6 3. Nc3 d5 4. cxd5 exd5 5. Bg5 Be7 6. e3 c6 7. Qc2 Ne4
8. Bxe7 Qxe7 9. Nxd5 cxd5 10. Qxc8+ Qd8 11. Bb5+ Nc6 12. Bxc6+ bxc6 13. Qxc6+
Ke7 14. Qa4 Qb6 15. Qa3+ Ke6 16. Ne2 Rhc8 17. O-O g5 18. Rfc1 Nd6 19. b3 Qb5
20. Nc3 Qd3 21. Na4 Qd2 22. Nc5+ Kf5 23. Rd1 Qe2 24. Re1 Qd2 25. Rad1 Qc2
26. Qa5 Kg4 27. Rd2 Qg6 28. f3+ Kh4 29. e4 dxe4 30. fxe4 Re8 31. Rde2 Qg7
32. Qc3 g4 33. Qg3+ 1-0

[Event "O pohar mesta Ricany 2016"]
[Site "Kulturni centrum Labut, 17. Listopadu 214 25101 Ricany"]
[Date "2016.08.28"]
[Round "2.24"]
[White "Stanek, Ondrej"]
[Black "Kuhnmund, Ivan"]
[Result "1-0"]
[WhiteElo "1837"]
[BlackElo "1709"]
[PlyCount "0"]
[EventDate "2016.08.27"]

1. e4 c5 2. Nf3 d6 3. Bb5+ Bd7 4. Bxd7+ Qxd7 5. O-O Nc6 6. c3 e5 7. d4 Nf6
8. Re1 g6 9. Nbd2 Bg7 10. Nc4 O-O 11. dxc5 dxc5 12. Qc2 Qe7 13. Bg5 h6 14. Bh4
g5 15. Bg3 Nh5 16. Ne3 Rad8 17. Nf5 Qe6 18. h4 f6 19. Bh2 Rf7 20. b3 Rfd7
21. Rad1 Bf8 22. Rxd7 Qxd7 23. Ne3 Qd3 24. Qxd3 Rxd3 25. Nd5 Kf7 26. Kf1 b5
27. Ke2 c4 28. bxc4 bxc4 29. Rb1 Ke6 30. Ne1 f5 31. Nxd3 cxd3+ 32. Kxd3 fxe4+
33. Kxe4 Bc5 34. Ne3 Nf6+ 35. Kd3 gxh4 36. f3 Nh5 37. Rb5 Bd6 38. Kc2 e4
39. Bxd6 exf3 40. Rxh5 1-0

[Event "O pohar mesta Ricany 2016"]
[Site "Kulturni centrum Labut, 17. Listopadu 214 25101 Ricany"]
[Date "2016.08.28"]
[Round "2.25"]
[White "Havelka, Petr"]
[Black "Skrabanek, Matej"]
[Result "1-0"]
[WhiteElo "1827"]
[BlackElo "1680"]
[PlyCount "0"]
[EventDate "2016.08.27"]

1. d4 Nf6 2. c4 e5 3. dxe5 Ng4 4. Nf3 Nc6 5. e3 Bc5 6. Be2 O-O 7. O-O Ngxe5
8. Nbd2 f5 9. Nxe5 Nxe5 10. Nf3 Nxf3+ 11. Bxf3 Kh8 12. b3 Qf6 13. Rb1 a5 14. Bb2
Qh4 15. g3 Qg5 16. Bg2 Ra6 17. Qd5 Be7 18. Be5 Rh6 19. Bf4 Qh5 20. Bxh6 Qxh6
21. Qxa5 c5 22. Rbd1 g5 23. Qc3+ Bf6 24. Qd3 Be5 25. Qd5 d6 26. f4 gxf4 27. exf4
Bd4+ 28. Rxd4 cxd4 29. Qxd4+ Qf6 30. Qxf6+ Rxf6 31. Re1 Kg7 32. Re7+ Rf7
33. Rxf7+ Kxf7 34. Kf2 Ke7 35. Ke3 Kd7 36. Kd4 b6 37. b4 Kc7 38. Bf3 Be6 39. a3
Bf7 40. Bd5 Bh5 41. Be6 Bg4 42. a4 Kc6 43. a5 1-0

[Event "O pohar mesta Ricany 2016"]
[Site "Kulturni centrum Labut, 17. Listopadu 214 25101 Ricany"]
[Date "2016.08.28"]
[Round "2.26"]
[White "Novotna, Tereza"]
[Black "Paulovic, Milan"]
[Result "1/2-1/2"]
[WhiteElo "1566"]
[BlackElo "1821"]
[PlyCount "0"]
[EventDate "2016.08.27"]

1. d4 Nf6 2. c4 d5 3. cxd5 Qxd5 4. Nc3 Qa5 5. Bd2 Qb6 6. Nf3 Bg4 7. e3 c6 8. h3
Bf5 9. b4 e6 10. a3 Be7 11. Be2 O-O 12. O-O Nbd7 13. Nh4 Be4 14. Nxe4 Nxe4
15. Nf3 Rad8 16. Bd3 Ndf6 17. Qc2 Nxd2 18. Nxd2 h6 19. Rfc1 Rd7 20. Nc4 Qd8
21. Rab1 a6 22. Rb3 Nd5 23. Qd2 Bf6 24. Bb1 g6 25. Qc2 Kg7 26. f4 Qe7 27. Rf1 h5
28. g3 Rh8 29. Kh1 Qd8 30. Rd3 Nb6 31. Ne5 Bxe5 32. fxe5 Rf8 33. Rd2 Qg5
34. Rdf2 Nd5 35. Rf3 Kh6 36. Qc1 f5 37. h4 Qg4 38. e4+ Kg7 39. exd5 Rxd5 40. Kh2
Qxd4 41. Qc3 Qxc3 42. Rxc3 Rxe5 43. Rd3 Rd5 44. Re3 Kf6 45. Rfe1 Re8 46. Kg2 e5
47. Rf1 Red8 48. Kf3 Rd1 49. Rxd1 Rxd1 50. Rb3 e4+ 51. Ke2 Rc1 52. Kd2 Rg1
53. Ke2 Ke5 54. Kf2 Rc1 55. Ke3 Re1+ 56. Kf2 Rh1 57. Ke3 Rh3 58. Kf2 Rh1 1/2-1/2

[Event "O pohar mesta Ricany 2016"]
[Site "Kulturni centrum Labut, 17. Listopadu 214 25101 Ricany"]
[Date "2016.08.28"]
[Round "2.27"]
[White "Novotny, Martin"]
[Black "Sadil, Jan"]
[Result "1/2-1/2"]
[WhiteElo "1557"]
[BlackElo "1798"]
[PlyCount "0"]
[EventDate "2016.08.27"]

1. d4 Nf6 2. c4 g6 3. Nc3 Bg7 4. e4 d6 5. Bd3 O-O 6. Nge2 c5 7. d5 Nbd7 8. Bg5
Ne5 9. f4 Nxd3+ 10. Qxd3 Re8 11. O-O a6 12. a4 Qb6 13. h3 h6 14. Bh4 Qb3
15. Rfb1 Nxe4 16. Qxe4 Bf5 17. Qf3 Bxb1 18. Rxb1 Qxc4 19. Be1 Bxc3 20. Nxc3 Rab8
21. Qe4 Qxe4 22. Nxe4 b5 23. a5 f5 24. Ng3 e6 25. dxe6 Rxe6 26. Rd1 Rbe8 27. Bf2
Kf7 28. Kf1 Ke7 29. Ne2 1/2-1/2

[Event "O pohar mesta Ricany 2016"]
[Site "Kulturni centrum Labut, 17. Listopadu 214 25101 Ricany"]
[Date "2016.08.28"]
[Round "2.28"]
[White "Stork, Rostislav"]
[Black "Pospichal, Michael"]
[Result "1/2-1/2"]
[WhiteElo "1779"]
[BlackElo "1650"]
[PlyCount "0"]
[EventDate "2016.08.27"]

1. e4 d5 2. exd5 Qxd5 3. Nc3 Qd6 4. Nf3 Nf6 5. d4 Bg4 6. Be3 c6 7. Be2 e6
8. Qd2 Qc7 9. h3 Bxf3 10. Bxf3 Bd6 11. Ne4 Nxe4 12. Bxe4 Nd7 13. c3 Nf6 14. Bf3
Nd5 15. O-O O-O 16. Rfe1 Rad8 17. Qc2 Rfe8 18. Be4 h6 19. Bd2 e5 20. dxe5
1/2-1/2

[Event "O pohar mesta Ricany 2016"]
[Site "Kulturni centrum Labut, 17. Listopadu 214 25101 Ricany"]
[Date "2016.08.28"]
[Round "2.29"]
[White "Maslo, Ondrej"]
[Black "Hlavacek, Ondrej"]
[Result "1-0"]
[WhiteElo "1750"]
[BlackElo "1591"]
[PlyCount "0"]
[EventDate "2016.08.27"]

1. e4 c5 2. c3 e6 3. d4 d5 4. Nd2 Nc6 5. Ngf3 cxd4 6. Nxd4 Nxd4 7. cxd4 Qa5
8. Bd3 dxe4 9. Bxe4 Nf6 10. O-O Bd6 11. Nc4 Qc7 12. Nxd6+ Qxd6 13. Bf3 O-O
14. Qd3 Nd5 15. Be4 f5 16. Bxd5 exd5 17. Qf3 Be6 18. Re1 Rae8 19. Bf4 Qb6
20. Be5 Rf7 21. Qa3 Bd7 22. Rac1 Bc6 23. Re3 a6 24. Rce1 Rfe7 25. h3 Qd8 26. Rc1
Qd7 27. Rcc3 Rf7 28. Rg3 Re6 29. Rcf3 Rh6 30. Qe3 Re6 31. Rg5 g6 32. h4 Kf8
33. h5 Qe7 34. hxg6 Rxg6 35. Rxg6 hxg6 36. Qh6+ Ke8 37. Qxg6 Qf8 38. Rxf5 Bd7
39. Rf3 Qe7 40. Bd6 1-0

[Event "O pohar mesta Ricany 2016"]
[Site "Kulturni centrum Labut, 17. Listopadu 214 25101 Ricany"]
[Date "2016.08.28"]
[Round "3.1"]
[White "Krejci, Jan"]
[Black "Starek, Stanislav"]
[Result "1-0"]
[WhiteElo "2496"]
[BlackElo "2172"]
[PlyCount "0"]
[EventDate "2016.08.28"]

1. d4 {[%clk 1:30:57]} Nf6 {[%clk 1:30:46]} 2. c4 {[%clk 1:31:21]} e6
{[%clk 1:30:56]} 3. Nc3 {[%clk 1:30:55]} Bb4 {[%clk 1:31:21]} 4. e3
{[%clk 1:31:08]} b6 {[%clk 1:31:45]} 5. Bd3 {[%clk 1:27:14]} Bb7 {[%clk 1:31:42]}
6. Nf3 {[%clk 1:27:38]} O-O {[%clk 1:28:50]} 7. O-O {[%clk 1:28:00]} Bxc3
{[%clk 1:28:04]} 8. bxc3 {[%clk 1:28:23]} d6 {[%clk 1:26:41]} 9. Nd2
{[%clk 1:25:13]} e5 {[%clk 1:23:08]} 10. f3 {[%clk 1:16:12]} Nbd7
{[%clk 1:19:56]} 11. a4 {[%clk 1:13:46]} Qe7 {[%clk 1:16:35]} 12. e4
{[%clk 1:13:19]} c5 {[%clk 1:13:57]} 13. a5 {[%clk 1:11:30]} bxa5
{[%clk 1:06:03]} 14. Nb3 {[%clk 1:07:19]} a4 {[%clk 0:59:46]} 15. Rxa4
{[%clk 1:07:41]} Nb6 {[%clk 0:57:17]} 16. Ra5 {[%clk 1:07:40]} Nfd7
{[%clk 0:56:00]} 17. Be3 {[%clk 1:06:37]} exd4 {[%clk 0:48:29]} 18. cxd4
{[%clk 1:06:58]} d5 {[%clk 0:48:09]} 19. Nxc5 {[%clk 1:03:13]} Nxc5
{[%clk 0:47:36]} 20. Rxc5 {[%clk 0:56:09]} dxc4 {[%clk 0:46:23]} 21. Bc2
{[%clk 0:55:41]} Rfc8 {[%clk 0:44:53]} 22. Qe2 {[%clk 0:52:08]} Qf6
{[%clk 0:35:16]} 23. Rb1 {[%clk 0:50:25]} Bc6 {[%clk 0:33:22]} 24. d5
{[%clk 0:47:32]} Bd7 {[%clk 0:23:03]} 25. Qf2 {[%clk 0:46:36]} Rxc5
{[%clk 0:17:20]} 26. Bxc5 {[%clk 0:47:03]} Nc8 {[%clk 0:15:35]} 27. Bd4
{[%clk 0:47:04]} Qd6 {[%clk 0:14:32]} 28. e5 {[%clk 0:41:29]} Qc7
{[%clk 0:13:29]} 29. Qh4 {[%clk 0:41:00]} h6 {[%clk 0:13:29]} 30. e6
{[%clk 0:39:50]} fxe6 {[%clk 0:12:58]} 31. Qe4 1-0

[Event "O pohar mesta Ricany 2016"]
[Site "Kulturni centrum Labut, 17. Listopadu 214 25101 Ricany"]
[Date "2016.08.28"]
[Round "3.2"]
[White "Rut, Vojtech"]
[Black "Vojta, Tomas"]
[Result "0-1"]
[WhiteElo "2135"]
[BlackElo "2384"]
[PlyCount "0"]
[EventDate "2016.08.28"]

1. e4 {[%clk 1:30:57]} d5 {[%clk 1:30:29]} 2. exd5 {[%clk 1:31:22]} Nf6 3. d4
{[%clk 1:28:44]} Bg4 {[%clk 1:30:16]} 4. Nf3 {[%clk 1:29:06]} Qxd5
{[%clk 1:29:51]} 5. Be2 {[%clk 1:29:20]} Nc6 {[%clk 1:29:19]} 6. c4
{[%clk 1:26:51]} Qf5 {[%clk 1:28:02]} 7. Be3 {[%clk 1:20:29]} O-O-O
{[%clk 1:26:10]} 8. O-O {[%clk 1:19:24]} e5 {[%clk 1:22:18]} 9. d5
{[%clk 1:18:52]} e4 {[%clk 1:21:30]} 10. Nd4 {[%clk 1:15:47]} Nxd4
{[%clk 1:18:30]} 11. Bxd4 {[%clk 1:16:00]} Bd6 {[%clk 1:11:36]} 12. f3
{[%clk 1:08:42]} Qh5 {[%clk 0:59:44]} 13. fxg4 {[%clk 0:55:59]} Qxh2+
{[%clk 0:57:55]} 14. Kf2 {[%clk 0:56:25]} Bg3+ {[%clk 0:57:55]} 15. Ke3
{[%clk 0:56:21]} Qh6+ 0-1

[Event "O pohar mesta Ricany 2016"]
[Site "Kulturni centrum Labut, 17. Listopadu 214 25101 Ricany"]
[Date "2016.08.28"]
[Round "3.3"]
[White "Bures, Jaroslav"]
[Black "Krivanek, Vladimir"]
[Result "1-0"]
[WhiteElo "2376"]
[BlackElo "2109"]
[PlyCount "0"]
[EventDate "2016.08.28"]

1. d4 {[%clk 1:30:57]} f5 {[%clk 1:30:08]} 2. g3 {[%clk 1:30:39]} Nf6
{[%clk 1:30:29]} 3. Bg2 {[%clk 1:30:27]} c5 {[%clk 1:30:25]} 4. dxc5
{[%clk 1:27:01]} Na6 {[%clk 1:22:15]} 5. Nf3 {[%clk 1:16:56]} e6 {[%clk 1:21:06]}
6. O-O {[%clk 1:17:06]} Bxc5 {[%clk 1:20:37]} 7. c4 {[%clk 1:16:41]} O-O
{[%clk 1:17:19]} 8. Nc3 {[%clk 1:16:50]} Nc7 {[%clk 1:10:27]} 9. Bf4
{[%clk 1:14:33]} h6 {[%clk 1:01:35]} 10. Bd6 {[%clk 1:05:57]} Bxd6
{[%clk 1:00:05]} 11. Qxd6 {[%clk 1:06:25]} a5 {[%clk 0:57:09]} 12. Rfd1
{[%clk 1:03:22]} Ra6 {[%clk 0:53:20]} 13. Qa3 {[%clk 1:02:44]} d5
{[%clk 0:47:12]} 14. cxd5 {[%clk 1:01:47]} exd5 {[%clk 0:43:48]} 15. e3
{[%clk 0:54:00]} b5 {[%clk 0:38:07]} 16. b4 {[%clk 0:52:34]} Qe7 {[%clk 0:34:43]}
17. Rab1 {[%clk 0:52:31]} Bd7 {[%clk 0:29:42]} 18. Nh4 {[%clk 0:50:05]} axb4
{[%clk 0:27:45]} 19. Qxb4 {[%clk 0:50:29]} Qxb4 {[%clk 0:28:02]} 20. Rxb4
{[%clk 0:50:55]} Be6 {[%clk 0:25:08]} 21. Ng6 {[%clk 0:47:29]} Rd8
{[%clk 0:24:58]} 22. Nxb5 {[%clk 0:44:05]} Nxb5 {[%clk 0:17:36]} 23. Rxb5
{[%clk 0:44:32]} Rxa2 {[%clk 0:16:35]} 24. Rb6 {[%clk 0:44:56]} Re8
{[%clk 0:15:08]} 25. Nf4 {[%clk 0:45:11]} Bf7 {[%clk 0:13:12]} 26. Nxd5
{[%clk 0:45:08]} Ne4 {[%clk 0:11:49]} 27. Bxe4 {[%clk 0:40:41]} fxe4
{[%clk 0:11:00]} 28. Rb7 {[%clk 0:33:32]} Bh5 {[%clk 0:04:06]} 29. Rc1
{[%clk 0:31:58]} Bf3 {[%clk 0:02:46]} 30. Ne7+ {[%clk 0:30:43]} Kh8
{[%clk 0:02:18]} 31. h3 {[%clk 0:27:26]} Rd8 {[%clk 0:01:46]} 32. g4
{[%clk 0:25:14]} g5 {[%clk 0:01:51]} 33. Ng6+ {[%clk 0:24:25]} Kg8
{[%clk 0:02:16]} 34. Ne5 {[%clk 0:24:51]} Rad2 {[%clk 0:00:32]} 35. Nxf3
{[%clk 0:23:08]} exf3 {[%clk 0:00:54]} 36. Rf1 {[%clk 0:23:25]} R8d3
{[%clk 0:00:50]} 37. Rb5 {[%clk 0:23:28]} Rd1 {[%clk 0:00:35]} 38. Rxd1
{[%clk 0:23:53]} Rxd1+ {[%clk 0:01:01]} 39. Kh2 {[%clk 0:24:18]} Rf1
{[%clk 0:00:57]} 40. Kg3 {[%clk 0:24:43]} Rh1 {[%clk 0:00:49]} 41. Rb7
{[%clk 0:24:57]} Kh8 {[%clk 0:00:55]} 42. Rf7 {[%clk 0:25:15]} 1-0

[Event "O pohar mesta Ricany 2016"]
[Site "Kulturni centrum Labut, 17. Listopadu 214 25101 Ricany"]
[Date "2016.08.28"]
[Round "3.4"]
[White "Balacek, Tadeas"]
[Black "Hradecky, Ivo"]
[Result "1-0"]
[WhiteElo "2298"]
[BlackElo "2051"]
[PlyCount "0"]
[EventDate "2016.08.28"]

1. d4 d5 2. Nf3 e6 3. c4 c6 4. g3 Nf6 5. Bg2 Bb4+ 6. Bd2 Be7 7. Qc2 O-O 8. O-O
Nbd7 9. Rd1 b6 10. Bf4 Bb7 11. Nc3 Nh5 12. Bc1 f5 13. b3 Rc8 14. a4 a6 15. Ba3
Bxa3 16. Rxa3 Qe7 17. Qb2 Nhf6 18. Raa1 Ne4 19. Rac1 f4 20. Qb1 fxg3 21. hxg3 c5
22. dxc5 Qf6 23. Nxe4 dxe4 24. Rxd7 exf3 25. exf3 Bxf3 26. Bxf3 Qxf3 27. Qb2 e5
28. Qd2 Rxc5 29. b4 Rc6 30. Rc3 Qe4 31. Qd5+ Qxd5 32. Rxd5 Rfc8 33. c5 bxc5 34.
bxc5 Re6 35. Kf1 Kf7 36. Ke2 Kf6 37. Ke3 Rec6 38. Ke4 Rb8 39. Rf3+ Kg6 40. Rd6+
1-0

[Event "O pohar mesta Ricany 2016"]
[Site "Kulturni centrum Labut, 17. Listopadu 214 25101 Ricany"]
[Date "2016.08.28"]
[Round "3.6"]
[White "Skalicky, Tomas"]
[Black "Kulhanek, Tomas"]
[Result "0-1"]
[WhiteElo "2110"]
[BlackElo "2364"]
[PlyCount "0"]
[EventDate "2016.08.28"]

1. d4 d6 2. Nf3 Bg4 3. e4 Nf6 4. Nc3 c6 5. Be2 e6 6. a4 Be7 7. O-O O-O 8. h3 Bh5
9. Be3 d5 10. exd5 cxd5 11. Ne5 Bxe2 12. Nxe2 Nc6 13. Nxc6 bxc6 14. Nf4 Nd7 15.
Nd3 Bd6 16. b3 Qe7 17. c4 dxc4 18. bxc4 c5 19. Rb1 cxd4 20. Bxd4 Nc5 21. Bxc5
Bxc5 22. Rb5 Rac8 23. Qb3 a6 24. Rb7 Qg5 25. Nxc5 Qxc5 26. Rb6 Rc6 27. Rxc6 Qxc6
28. a5 Qc5 29. Ra1 h6 30. Ra4 Rd8 31. Qc2 Rd4 32. Qb3 Kh7 33. Qc2+ f5 34. Qb3 Rd2
35. Qf3 Qe5 36. Rb4 Qe1+ 37. Kh2 Rxf2 38. Qg3 Qxb4 39. Qxf2 Qxc4 40. Qb6 Qf4+ 41.
Kg1 Qc1+ 42. Kh2 Qc4 43. Kg1 e5 44. Kh2 e4 0-1

[Event "O pohar mesta Ricany 2016"]
[Site "Kulturni centrum Labut, 17. Listopadu 214 25101 Ricany"]
[Date "2016.08.28"]
[Round "3.7"]
[White "Soural, Jan"]
[Black "Rastocny, Josef"]
[Result "0-1"]
[WhiteElo "2222"]
[BlackElo "1908"]
[PlyCount "0"]
[EventDate "2016.08.28"]

1. d4 {[%clk 1:30:59]} Nf6 {[%clk 1:30:52]} 2. c4 {[%clk 1:31:23]} g6
{[%clk 1:31:09]} 3. Nc3 {[%clk 1:31:48]} Bg7 {[%clk 1:31:33]} 4. e4
{[%clk 1:32:14]} d6 {[%clk 1:31:55]} 5. Nf3 {[%clk 1:32:39]} O-O {[%clk 1:32:03]}
6. Be2 {[%clk 1:33:05]} Nc6 {[%clk 1:32:02]} 7. O-O {[%clk 1:31:48]} e5
{[%clk 1:32:26]} 8. d5 {[%clk 1:32:14]} Ne7 {[%clk 1:32:50]} 9. Ne1
{[%clk 1:32:39]} Ne8 {[%clk 1:32:55]} 10. Nd3 {[%clk 1:31:02]} f5
{[%clk 1:33:06]} 11. f3 {[%clk 1:31:31]} f4 {[%clk 1:32:02]} 12. Bd2
{[%clk 1:31:52]} g5 {[%clk 1:32:09]} 13. c5 {[%clk 1:30:54]} Rf7 {[%clk 1:31:59]}
14. Nb5 {[%clk 1:24:54]} Ng6 {[%clk 1:29:18]} 15. Rc1 {[%clk 1:21:08]} Bf8
{[%clk 1:28:27]} 16. a4 {[%clk 1:17:48]} Rg7 {[%clk 1:28:12]} 17. a5
{[%clk 1:17:21]} a6 {[%clk 1:23:52]} 18. Na3 {[%clk 1:14:01]} h5 {[%clk 1:24:10]}
19. Nc4 {[%clk 1:12:08]} Nf6 {[%clk 1:15:12]} 20. Bc3 {[%clk 0:45:13]} Bd7
{[%clk 0:46:49]} 21. cxd6 {[%clk 0:44:39]} cxd6 {[%clk 0:45:51]} 22. Nb6
{[%clk 0:44:52]} Rb8 {[%clk 0:46:04]} 23. Nxd7 {[%clk 0:42:02]} Qxd7
{[%clk 0:46:02]} 24. Nf2 {[%clk 0:41:35]} Nh4 {[%clk 0:43:11]} 25. h3
{[%clk 0:37:10]} Kh8 {[%clk 0:40:58]} 26. b4 {[%clk 0:18:00]} Be7
{[%clk 0:38:46]} 27. b5 axb5 {[%clk 0:37:01]} 28. Rb1 {[%clk 0:18:29]} Rbg8
{[%clk 0:37:15]} 29. Be1 {[%clk 0:18:44]} g4 {[%clk 0:32:40]} 30. fxg4
{[%clk 0:14:50]} hxg4 {[%clk 0:27:47]} 31. hxg4 {[%clk 0:13:32]} Nh5
{[%clk 0:20:12]} 32. Bxb5 {[%clk 0:05:59]} Qc8 {[%clk 0:20:16]} 33. Rc1
{[%clk 0:05:48]} Qf8 {[%clk 0:19:37]} 34. gxh5 {[%clk 0:05:21]} Nxg2
{[%clk 0:18:37]} 35. Kh1 {[%clk 0:04:03]} Rg3 {[%clk 0:14:15]} 36. Bd7
{[%clk 0:02:11]} Ne3 {[%clk 0:12:09]} 37. Qe2 {[%clk 0:02:40]} Qg7
{[%clk 0:08:07]} 38. Nh3 {[%clk 0:02:08]} Rg2 {[%clk 0:07:42]} 39. Qf3
{[%clk 0:01:58]} Bh4 {[%clk 0:03:22]} 40. Bxh4 {[%clk 0:01:13]} Nxf1
{[%clk 0:01:56]} 41. Rxf1 {[%clk 0:00:43]} Qxd7 {[%clk 0:02:09]} 42. Rg1
{[%clk 0:00:35]} R8g3 {[%clk 0:02:01]} 43. Rxg2 {[%clk 0:00:00]} 0-1

[Event "O pohar mesta Ricany 2016"]
[Site "Kulturni centrum Labut, 17. Listopadu 214 25101 Ricany"]
[Date "2016.08.28"]
[Round "3.8"]
[White "Otrubova, Kristyna"]
[Black "Hanl, Frantisek"]
[Result "0-1"]
[WhiteElo "1564"]
[BlackElo "2116"]
[PlyCount "0"]
[EventDate "2016.08.28"]

1. d4 Nf6 2. c4 c5 3. d5 b5 4. cxb5 a6 5. Nc3 axb5 6. Nxb5 g6 7. Nc3 Bg7 8. e4 d6
9. Bd3 O-O 10. Nf3 Ba6 11. Bxa6 Rxa6 12. O-O Nbd7 13. h3 Qb6 14. Qc2 Rb8 15. Rb1
Ne8 16. Be3 Qa5 17. Nd2 Nc7 18. f4 Ra7 19. Nf3 Rab7 20. Bd2 Qa6 21. a3 Qc4 22.
Rfc1 Rb3 23. Kh1 Nb5 24. Kg1 Rb7 25. Nxb5 Qxb5 26. Re1 Bxb2 27. Rbd1 Rxa3 28. e5
dxe5 29. fxe5 Qd3 30. Qxd3 Rxd3 31. Bf4 Rxd1 32. Rxd1 Rb4 33. Bg3 Re4 34. Kf2
Nxe5 0-1

[Event "O pohar mesta Ricany 2016"]
[Site "Kulturni centrum Labut, 17. Listopadu 214 25101 Ricany"]
[Date "2016.08.28"]
[Round "3.9"]
[White "Martinec, Karel"]
[Black "Otruba, Marek"]
[Result "0-1"]
[WhiteElo "1889"]
[BlackElo "1806"]
[PlyCount "0"]
[EventDate "2016.08.28"]

1. Nf3 d5 2. d4 Nf6 3. g3 Bg4 4. Bg2 c6 5. O-O Nbd7 6. b3 e6 7. Bb2 Be7 8. Nbd2
O-O 9. c4 h6 10. Re1 Bf5 11. Rc1 Rc8 12. a3 Bh7 13. b4 Ne4 14. Nxe4 Bxe4 15. Nd2
Bxg2 16. Kxg2 Nb6 17. e4 dxc4 18. Nxc4 Nxc4 19. Rxc4 Bf6 20. Rc2 Rc7 21. Rd2 Rd7
22. e5 Be7 23. f4 Qb6 24. Qf3 Rfd8 25. f5 Bf8 26. fxe6 fxe6 27. Qg4 c5 28. bxc5
Bxc5 29. Rf2 Bxd4 30. Bxd4 Rxd4 31. Qg6 Rd2 32. Qf7+ Kh8 33. Rf1 Rxf2+ 34. Rxf2
Qc6+ 35. Kh3 Qd7 36. Qg6 Kg8 37. Rf6 Qe8 38. Qg4 h5 39. Qxe6+ Qxe6+ 40. Rxe6 Kf7
41. Rd6 Rxd6 42. exd6 g5 0-1

[Event "O pohar mesta Ricany 2016"]
[Site "Kulturni centrum Labut, 17. Listopadu 214 25101 Ricany"]
[Date "2016.08.28"]
[Round "3.10"]
[White "Vorackova, Jarmila"]
[Black "Cerny, Martin"]
[Result "0-1"]
[WhiteElo "1878"]
[BlackElo "2130"]
[PlyCount "0"]
[EventDate "2016.08.28"]

1. d4 Nf6 2. c4 c5 3. d5 b5 4. cxb5 a6 5. Nc3 axb5 6. e4 b4 7. Nb5 d6 8. Bf4
Nbd7 9. Nf3 Nh5 10. Be3 g6 11. Bc4 Bg7 12. Qd2 Nb6 13. Be2 O-O 14. O-O Na4
15. Rab1 f5 16. Bh6 fxe4 17. Nh4 Bxh6 18. Qxh6 Nf4 19. Bc4 Nb6 20. Bb3 Bd7
21. Nc7 Qxc7 22. Rfe1 e5 23. dxe6 Bxe6 24. Bxe6+ Nxe6 25. Rxe4 Qg7 26. Qd2 Nd4
27. Qg5 Qf6 28. Qg3 Rae8 29. Rbe1 Rxe4 30. Rxe4 d5 31. Re3 Nc4 32. Re1 Qf4
33. Nxg6 Qxg3 34. Ne7+ Kf7 35. fxg3 Re8 0-1

[Event "O pohar mesta Ricany 2016"]
[Site "Kulturni centrum Labut, 17. Listopadu 214 25101 Ricany"]
[Date "2016.08.28"]
[Round "3.11"]
[White "Blumel, Otto"]
[Black "Stanek, Ondrej"]
[Result "0-1"]
[WhiteElo "2061"]
[BlackElo "1837"]
[PlyCount "0"]
[EventDate "2016.08.28"]

1. e4 e5 2. Nf3 Nc6 3. Bc4 Nf6 4. Ng5 d5 5. exd5 Na5 6. Bb5+ c6 7. dxc6 bxc6
8. Qf3 Rb8 9. Bxc6+ Nxc6 10. Qxc6+ Nd7 11. d3 Be7 12. Nf3 Rb6 13. Qe4 Bb7
14. Qe2 O-O 15. O-O Qc7 16. c4 Rg6 17. Nc3 f5 18. Ne1 Bd6 19. Nb5 Qc6 20. f3 Bb8
21. Nc3 Nc5 22. Nd5 Qd6 23. d4 Bxd5 24. dxe5 Qa6 25. b3 Nxb3 26. axb3 Qxa1
27. Bb2 Qa6 28. Nd3 Qb6+ 29. Kh1 Bf7 30. Qc2 Rc6 31. Nf4 Qe3 0-1